000 00769nam a2200265Ia 4500
003 OSt
005 20220926010626.0
006 a|||||r|||| 00| 0
007 ta
008 220923b |||||||| |||| 00| 0 eng d
020 _a0300035799
037 _cGeneral Book
040 _aRTL
_cRTL
_beng
041 _2eng
_aeng
082 _aR2xM96:g, M6
100 _aKitchener Richard F
_9312648
245 0 _aPiaget's theory of knowledge
_b Genetic epistemolog
260 _aNew Haven
_bYale University Press
_c1986
300 _aix, 230p
_ccm.
500 _aBibliography: P 213-26
650 _a Philosophy
650 _aEpistemology-Piaget
_9255269
942 _hR2xM96:g, M6
_cGB
_2CC
999 _c617807
_d617807